|
|
|
|
| LEADER |
02327nam a22004815i 4500 |
| 001 |
978-3-642-27407-7 |
| 003 |
DE-He213 |
| 005 |
20151030221027.0 |
| 007 |
cr nn 008mamaa |
| 008 |
120109s2012 gw | s |||| 0|eng d |
| 020 |
|
|
|a 9783642274077
|9 978-3-642-27407-7
|
| 024 |
7 |
|
|a 10.1007/978-3-642-27407-7
|2 doi
|
| 040 |
|
|
|d GrThAP
|
| 050 |
|
4 |
|a QD71-142
|
| 072 |
|
7 |
|a PNF
|2 bicssc
|
| 072 |
|
7 |
|a SCI013010
|2 bisacsh
|
| 082 |
0 |
4 |
|a 543
|2 23
|
| 245 |
1 |
0 |
|a Advanced X-Ray Crystallography
|h [electronic resource] /
|c edited by Kari Rissanen.
|
| 264 |
|
1 |
|a Berlin, Heidelberg :
|b Springer Berlin Heidelberg,
|c 2012.
|
| 300 |
|
|
|a XII, 184 p.
|b online resource.
|
| 336 |
|
|
|a text
|b txt
|2 rdacontent
|
| 337 |
|
|
|a computer
|b c
|2 rdamedia
|
| 338 |
|
|
|a online resource
|b cr
|2 rdacarrier
|
| 347 |
|
|
|a text file
|b PDF
|2 rda
|
| 490 |
1 |
|
|a Topics in Current Chemistry,
|x 0340-1022 ;
|v 315
|
| 505 |
0 |
|
|a Computational Studies of Crystal Structure and Bonding, by Angelo Gavezzotti -- Cryo-Crystallography: Diffraction at Low Temperature and More, by Piero Macchi -- High-Pressure Crystallography, by Malcolm I. McMahon -- Chemical X-Ray Photodiffraction: Principles, Examples, and Perspectives, by Panče Naumov -- Powder Diffraction Crystallography of Molecular Solids, by Kenneth D. M. Harris.
|
| 520 |
|
|
|a Angelo Gavezzotti Computational Studies of Crystal Structure and Bonding Piero Macchi Cryo-Crystallography: Diffraction at Low Temperature and More Malcolm I. McMahon High-Pressure Crystallography Panče Naumov Chemical X-Ray Photodiffraction: Principles, Examples, and Perspectives Kenneth D. M. Harris Powder Diffraction Crystallography of Molecular Solids.
|
| 650 |
|
0 |
|a Chemistry.
|
| 650 |
|
0 |
|a Analytical chemistry.
|
| 650 |
|
0 |
|a Physical chemistry.
|
| 650 |
|
0 |
|a Crystallography.
|
| 650 |
1 |
4 |
|a Chemistry.
|
| 650 |
2 |
4 |
|a Analytical Chemistry.
|
| 650 |
2 |
4 |
|a Physical Chemistry.
|
| 650 |
2 |
4 |
|a Crystallography.
|
| 700 |
1 |
|
|a Rissanen, Kari.
|e editor.
|
| 710 |
2 |
|
|a SpringerLink (Online service)
|
| 773 |
0 |
|
|t Springer eBooks
|
| 776 |
0 |
8 |
|i Printed edition:
|z 9783642274060
|
| 830 |
|
0 |
|a Topics in Current Chemistry,
|x 0340-1022 ;
|v 315
|
| 856 |
4 |
0 |
|u http://dx.doi.org/10.1007/978-3-642-27407-7
|z Full Text via HEAL-Link
|
| 912 |
|
|
|a ZDB-2-CMS
|
| 950 |
|
|
|a Chemistry and Materials Science (Springer-11644)
|